000 00455nam a2200193Ia 4500
003 LK-CoDNM
005 20241126123858.0
008 010623t1962 xxu||||| |||| 00| 1 sin d
040 _aLK-CoDNM
_dLK-CoDNM
_eLK-CoDNM
041 _asin
080 _a294.3
100 _aPeris,P.Ruban
245 _aපෝය දවස
246 _aPoya Dawasa
260 _bGunasena
_aColombo
_c1962
300 _b575p. : 18 cm
650 _aBuddhism
942 _cBK
999 _c106066
_d106066